000
00334 a2200157 4500
001
62022
020
_a
9788510054119
040
_c
Anchieta - Pituba
100
_a
Magalhães, Cláudia
240
1
0
_a
Geografia 8
_l
por
245
1
0
_a
Geografia 8
300
_a
271/63
362
0
_a
2013
650
4
_a
Geografia e viagens
942
_c
BK
999
_c
62022
_d
62022